书目信息 |
| 题名: |
环保产业发展与投资问题研究
|
|
| 作者: | 陈天妮 著 | |
| 分册: | ||
| 出版信息: | 北京 北京工业大学出版社 2021.5 |
|
| 页数: | 163页 | |
| 开本: | 26cm | |
| 丛书名: | ||
| 单 册: | ||
| 中图分类: | X324.2 | |
| 科图分类: | ||
| 主题词: | 环保产业--产业发展--研究--中国 , 环保产业--投资机制--研究--中国 | |
| 电子资源: | ||
| ISBN: | 978-7-5639-6573-1 | |
| 000 | 01070nam0 2200241 45 | |
| 001 | 012001002277 | |
| 005 | 20140913155938.0 | |
| 010 | @a978-7-5639-6573-1@dCNY58.00 | |
| 100 | @a20191228d2018 em y0chiy50 ea | |
| 101 | 0 | @achi |
| 102 | @aCN@b110000 | |
| 105 | @ay z 000yy | |
| 106 | @ar | |
| 200 | 1 | @a环保产业发展与投资问题研究@Ahuan bao chan ye fa zhan yu tou zi wen ti yan jiu@b专著@f陈天妮著 |
| 210 | @a北京@c北京工业大学出版社@d2021.5 | |
| 215 | @a163页@d26cm | |
| 330 | @a本书对我国环保产业发展与投资等问题进行了研究,首先介绍了环保产业的含义及相关理论,对我国环保产业的发展历程进行了回顾,对我国的污水处理、大气污染处理及固体废弃物处理技术进行了介绍;其次,阐述了环保产业市场化发展的驱动力,对环保产业的规模、市场结构、投资的现状与问题、环保产业投资的模式等进行了详细的分析;最后,对环保产业的发展模式及市场化发展提出了建议。 | |
| 606 | 0 | @a环保产业@x产业发展@x研究@y中国 |
| 606 | 0 | @a环保产业@x投资机制@x研究@y中国 |
| 690 | @aX324.2@v5 | |
| 701 | 0 | @a陈天妮@Achen tian ni@4著 |
| 801 | 0 | @aCN@bBJSDL@c20211011 |
| 905 | @b1339107-10@dX324.2@e299@f4 | |
| 环保产业发展与投资问题研究/陈天妮著.-北京:北京工业大学出版社,2021.5 |
| 163页;26cm |
| ISBN 978-7-5639-6573-1:CNY58.00 |
| 本书对我国环保产业发展与投资等问题进行了研究,首先介绍了环保产业的含义及相关理论,对我国环保产业的发展历程进行了回顾,对我国的污水处理、大气污染处理及固体废弃物处理技术进行了介绍;其次,阐述了环保产业市场化发展的驱动力,对环保产业的规模、市场结构、投资的现状与问题、环保产业投资的模式等进行了详细的分析;最后,对环保产业的发展模式及市场化发展提出了建议。 |
| ● |
| 相关链接 |
|
|
|
|
正题名:环保产业发展与投资问题研究
索取号:X324.2/299
 
预约/预借
| 序号 | 登录号 | 条形码 | 馆藏地/架位号 | 状态 | 备注 |
| 1 | 1339107 | 213391079 | 第二样本阅览室/ [索取号:X324.2/299] | 在馆 | |
| 2 | 1339108 | 213391088 | 第三借阅区/ [索取号:X324.2/299] | 在馆 | |
| 3 | 1339109 | 213391097 | 第三借阅区/ [索取号:X324.2/299] | 在馆 | |
| 4 | 1339110 | 213391104 | 第三借阅区/ [索取号:X324.2/299] | 在馆 |